| 000 | 00491nam a2200169Ia 4500 | ||
|---|---|---|---|
| 999 |
_c3924 _d3924 |
||
| 020 | _a580654 | ||
| 082 | _aRR 374.95403 SHA-; SL1 | ||
| 100 | _aShah, S.Y. | ||
| 245 | 0 | _aEncyclopedia of Indian adult education | |
| 260 |
_aNew Delhi _bNational Literacy Mission _c1999 |
||
| 300 | _aix, 365p. | ||
| 650 | _aAdult education - Encyclopedias | ||
| 650 | _aOpen learning - Encyclopedias | ||
| 650 | _aEducation - Encyclopedias | ||
| 650 | _aContinuing education - Encyclopedias | ||
| 942 | _cBK | ||